00356 a2200109 4500001001000000005001700010008004100027245005700068100002500125700002600150773007000176ART_5293720260410161609.0260409a 10aTratamiento contable-teórico del impuesto diferido1 aOubiña, Gabriel H.1 aFaccendini, Yanina C.0 tProfesional & Empresariag- Año XII, Nº 263 (ago. 2021)wREV70